000 01897nam a22003017a 4500
001 1550
003 FISKH
005 20251024104822.0
008 230906b cb ||||| |||| 00| 0 khr d
020 _a9789995054229
040 _aFISKH
_beng
_cFISKH
_dFISKH
082 _a598.6
100 _aAnonymous
245 _aចៅដូរលលកក្រហម /
_bរឿងព្រេងអាព្រិច :
_cគូររូបដោយ Isabelle Calin
250 _aបោះពុម្ពលើកទី ១១ ខែមិនា ឆ្នាំ ២០២២
260 _aPhnom Penh :
_bSipar,
_c2022.
300 _a37 pages :
_bcolor illustrations ;
_c25 cm
490 _aខ្ញុំចង់អាន
505 _aP
520 _aស្រ្តីម្នាក់បានឳ្យលលកក្រហមទៅកូនប្រុសទាំងពីររបស់គាត់ម្នាក់មួយ។ កូនប្អូនសម្រេចចិត្តយកចំណែករបស់ខ្លួន ទៅដូរនឹងកូនស្រីមេកន្រ្តាញ។ ដោយមិនខ្វល់នឹងការសើចចំអក របស់បងប្រុសនាយក៏បានចេញដំណើរផ្សងព្រេងដើម្បីទៅរកកូនស្រីមេកន្រ្ទាញ។
520 _aA woman gave a red dove to each of her two sons. The younger son decides to trade his share for the chief's daughter. Ignoring the ridicule of his brother, Neay went on an adventure to find the daughter of the chief.
521 8 _a650
_bLexile estimate
521 8 _aP
_bRaz-Plus
650 _aលលក
_vផ្សងព្រេង
_xចែករំលែក
650 _aDove
_vAdventure
_xShare
700 _aCalin, Isabelle
_eillustrator
942 _2ddc
_cBK
_n0
999 _c1550
_d1550